00763nam a2200205 a 450000100100000000500170001000800410002704000250006808200200009310000380011324500780015126000670022930000210029665000280031765000310034591000390037604900090041595201180042499900150054200001014920240412074215.0091005s1978 dr 001 0 spa d aDO-SdBNPbspacBNPHU aRD861.42bC744a1 aConcepción, J. Agustín92253910aArpegios :bversos viejos y versos de viejo /cJ. Agustín Concepción. aLa Vega, República Dominicana :bCultural dominicana,c1978. a94 cm. ;c21 cm. 0aPoesía dominicana966 0aLiteratura dominicana.967 aValidado. Control de calidad BNPHU aBNPD 0010718PDaPDbPDcCTd2009-10-05iLF1l0oRD861.42 C744ap10149-10r2020-06-25w2020-06-25yLFPDZNo se presta c9908d9908